000 00695nam a2200289Ia 4500
005 20260324124034.0
008 008 260324s9999 xx 000 0 eng d
020 _a9781003236375
037 _aEBOOK
040 _aCRL
040 _beng
040 _cCRL
041 _2eng
041 _aeng
084 _qCRL
100 _aMarilynn L. Rapp Buxton
_91172612
245 0 _aMath Bafflers
245 0 _bLogic Puzzles That Use Real-World Math (Grades 3-5)
260 _bTaylor and Francis
260 _c2011
365 _a
365 _b72.99
856 _uhttp://www.taylorfrancis.com/books/9781003236375
942 _cEBOOK
999 _c1766655
_d1766655